Biochemie der Pflanzen /

Salvato in:
Dettagli Bibliografici
Autore principale: Kindl, Helmut (Autore)
Natura: Libro
Lingua:tedesco
Pubblicazione: Berlin : Springer Verlag, 1991
Edizione:3.Auflage
Tags: Aggiungi Tag
Nessun Tag, puoi essere il primo ad aggiungerne!!

MARC

LEADER 00000nam a22000003a 4500
001 stu20892
005 20150617225753.2
008 921127s1991----gw------------------ger-d
020 |a 3-540-54484-4 
040 |a STU  |b slo 
041 0 |a ger 
044 |a gw 
080 |a 577.1 
100 1 |a Kindl, Helmut  |4 aut 
245 1 |a Biochemie der Pflanzen /  |c [aut.]Kindl,Helmut 
250 |a 3.Auflage 
260 |a Berlin :  |b Springer Verlag,  |c 1991 
300 |a 379 s :  |b Obr.,tab.,index 
996 |b C90454  |c C*90454  |l CCX  |s P  |a 0  |w stu20892_0001